New Zealand Provincial Rugby Map Quiz - Alphabetical Order - Statistics

General Stats
  • This quiz has been taken 124 times
  • The average score is 13 of 26
Answers on the Map
Answers color-coded by a green-red scale on the quiz's map according to % correct below.
 
Answer Stats
Answer % Correct
Auckland
98%
Bay of Plenty
86%
Canterbury
81%
Buller
77%
Counties-Manukau
72%
East Coast
67%
Hawke's Bay
64%
Horowhenua-Kapiti
63%
King-Country
58%
Manawatu
56%
Mid-Canterbury
55%
North Harbour
48%
Northland
44%
Southland
44%
North Otago
42%
Otago
42%
Poverty Bay
41%
Taranaki
41%
South Canterbury
39%
Tasman
33%
Thames Valley
31%
Waikato
30%
Wellington
28%
Wairarapa-Bush
25%
West Coast
23%
Wanganui
19%
No matching quizzes found
Score Distribution
Percent of People with Each Score
Percentile by Number Answered
Your Score History
You have not taken this quiz